000 00469nam a2200133 a 4500
008 120416s1953 ||||||||||||||||| || u
050 _aTN 690 Dar
100 _aDarken, Lawrence Stamper
245 1 0 _aPhysical chemistry of metals
260 _aNew York
_bMcGraw-Hill
_c1953
300 _avii, 535p. : ill.
350 _a0.00
995 _D0.00
_FCBU-MAIN LIBRARY (Kitwe)
_H1
_I2.80
_UDAMAGED
_ZMain Library Open Access Collection
999 _c53551
_d53551